| 000 | 00605nam a2200205 4500 | ||
|---|---|---|---|
| 001 | 4763 | ||
| 005 | 20230410121025.0 | ||
| 008 | 060907n1983 dr spa | ||
| 020 | _a0393952045 | ||
| 035 | _9funglode4802 | ||
| 041 | _aEN | ||
| 050 | 1 | 4 | _aJK 31 K29a 1955 |
| 100 | _aKelly, H. Alfred | ||
| 245 | 1 | 4 |
_aThe American constitution it³s origins & development / _cAlfred H. Kelly, Winfred A. Harbison, Herman Belz |
| 250 | _a6 | ||
| 260 |
_aNew York : _bNorton & Company, _c1983 |
||
| 300 | _axx, 877 p. | ||
| 700 | _aHarbison, A. Winfred / Belz, Herman editores | ||
| 942 |
_2lcc _cbk |
||
| 999 |
_c56399 _d56399 |
||